Czym rożni się wnuczek od dziadka? - Statystyki

Ogólne statystyki
  • Ten quiz został rozwiązany 30 razy
  • Średni wynik to 2 z 5
Statystyki odpowiedzi
Hint Odpowiedź % Poprawnych
1. Wiekiem
100%
3. Wzrostem
57%
2. Kolorem włosów
26%
4. Zdrowiem
22%
5. Sprawnością fizyczną
0%
Nie znaleziono quizów pasujących do podanych kryteriów
Rozkład punktacji
Procent ludzi z każdym wynikiem
Percentyl według liczby udzielonych odpowiedzi
Twoja historia wyników
Nie rozwiązałeś tego quizu